000 00537nam a22001931c 4500
001 a987657988
008 070727s2007 gw |||| 000u rus d
041 _arus
100 1 _aArapov, Dmitrij Ju.
245 0 0 _aSevernyj Kavkaz v sostave Rossijskoj Imperii
264 _aMoskva :
_bNovoe literaturnoe obozrenie,
_c2007
300 _a460 S.
650 0 _aKaukasus <Nord, 1700-1917>
700 1 _aBobrovnikov, Vladimir O.
_eHerausgeberIn
942 _cMG
040 _cRU-10907106
003 RU-10907106
999 _c24881
_d24881
490 0 _aHistorija rossica